Marvel Characters Who Have Used the Name 'Captain Marvel' by Picture - Statistics

General Stats
  • This quiz has been taken 17 times
  • The average score is 4 of 5
Answer Stats
Picture Answer % Correct
Carol Danvers
100%
Mar-Vell
94%
Monica Rambeau
88%
Genis-Vell
75%
Phyla-Vell
50%
No matching quizzes found
Score Distribution
Percent of People with Each Score
Percentile by Number Answered
Your Score History
You have not taken this quiz